[Event "Hastings Masters"]
[Site "Hastings"]
[Date "2007.01.04"]
[Round "8.24"]
[White "Britton, Richard"]
[Black "Rice, Chris"]
[Result "1-0"]
[WhiteElo "2261"]
[BlackElo "2110"]
[PlyCount "139"]
[EventDate "2006.12.28"]
[SourceDate "2006.12.28"]

1. e4 c5 2. Nc3 Nc6 3. Nf3 g6 4. d4 cxd4 5. Nxd4 Bg7 6. Be3 Nf6 7. Be2 d6 8.
O-O O-O 9. h3 Bd7 10. Nb3 a6 11. a4 Na5 12. Bd4 Be6 13. Nxa5 Qxa5 14. f4 Rac8
15. Bf3 Rfd8 16. Qd2 Kh8 17. Rfd1 Qb4 18. Nd5 Nxd5 19. exd5 Qxd4+ 20. Qxd4
Bxd4+ 21. Rxd4 Bf5 22. c3 a5 23. Re1 Rc7 24. g4 Bc8 25. Rde4 Re8 26. Be2 e6 27.
Bb5 Rd8 28. Kh2 Kg7 29. dxe6 fxe6 30. Kg3 h6 31. Rd4 Kf6 32. h4 Rc5 33. g5+
hxg5 34. hxg5+ Kf7 35. Rd2 Rc7 36. Rh1 Kg7 37. Rdh2 Rf7 38. Rh7+ Kf8 39. Rxf7+
Kxf7 40. Rh7+ Kg8 41. Rh6 Kf7 42. Rh7+ Kg8 43. Rc7 e5 44. Bd3 Bf5 45. Bxf5 gxf5
46. Rxb7 e4 47. Kf2 Rc8 48. Rb6 Rc4 49. Rxd6 Rxa4 50. Rd5 Ra2 51. Ke3 Rxb2 52.
Rxa5 Rc2 53. Rxf5 Rxc3+ 54. Kxe4 Kg7 55. Rf6 Rc1 56. Ra6 Rb1 57. Kf5 Rb5+ 58.
Kg4 Rb4 59. Rd6 Ra4 60. Re6 Kf7 61. Rc6 Kg7 62. Rc3 Rb4 63. Kg3 Kg6 64. Rc6+
Kg7 65. f5 Ra4 66. Rc7+ Kg8 67. g6 Rb4 68. f6 Rb8 69. Kg4 Kh8 70. Rh7+ 1-0

[Event "Hastings Masters"]
[Site "Hastings"]
[Date "2007.01.04"]
[Round "8.25"]
[White "Rayner, Francis"]
[Black "Lunn, Timothy"]
[Result "1-0"]
[WhiteElo "2247"]
[BlackElo "2079"]
[PlyCount "43"]
[EventDate "2006.12.28"]
[SourceDate "2006.12.28"]

1. e4 c5 2. Nf3 Nc6 3. d4 cxd4 4. Nxd4 Nf6 5. Nc3 e5 6. Ndb5 d6 7. Bg5 a6 8.
Na3 b5 9. Bxf6 gxf6 10. Nd5 Bg7 11. c3 Ne7 12. Nc2 f5 13. Nxe7 Qxe7 14. exf5
O-O 15. Ne3 Bb7 16. Be2 Rad8 17. Nd5 Qg5 18. h4 Qh6 19. g4 Bf6 20. Bf3 Bxd5 21.
Bxd5 e4 22. g5 1-0

[Event "Hastings Masters"]
[Site "Hastings"]
[Date "2007.01.04"]
[Round "8.26"]
[White "Eggleston, David"]
[Black "Armstrong, Malcolm"]
[Result "1/2-1/2"]
[WhiteElo "2239"]
[BlackElo "2101"]
[PlyCount "46"]
[EventDate "2006.12.28"]
[SourceDate "2006.12.28"]

1. e4 c6 2. d4 d5 3. Nd2 dxe4 4. Nxe4 Bf5 5. Ng3 Bg6 6. h4 h6 7. Nf3 Nd7 8. h5
Bh7 9. Bd3 Bxd3 10. Qxd3 Qc7 11. Bd2 e6 12. O-O-O Ngf6 13. Ne4 O-O-O 14. g3 Nc5
15. Nxc5 Bxc5 16. Qe3 Bb6 17. Qa3 Rhe8 18. Bf4 Qe7 19. Qb3 Bc7 20. Bd2 Bb6 21.
Bb4 Qc7 22. Qc4 Rd5 23. Qe2 Rxh5 1/2-1/2

[Event "Hastings Masters"]
[Site "Hastings"]
[Date "2007.01.04"]
[Round "8.27"]
[White "Schuurman, Petra"]
[Black "Salimbeni, George"]
[Result "1/2-1/2"]
[WhiteElo "2238"]
[BlackElo "1624"]
[PlyCount "78"]
[EventDate "2006.12.28"]
[SourceDate "2006.12.28"]

1. Nf3 Nf6 2. c4 g6 3. Nc3 d5 4. Qa4+ c6 5. cxd5 Nxd5 6. Qd4 Rg8 7. e4 Bg7 8.
Qd3 Nb4 9. Qb1 c5 10. a3 N4c6 11. Bc4 Nd7 12. O-O Nde5 13. Nxe5 Bxe5 14. d3 e6
15. Be3 Nd4 16. f4 Bg7 17. Qd1 b6 18. Rc1 h5 19. b4 Bf8 20. Rb1 Bb7 21. bxc5
Bxc5 22. Nb5 a6 23. Nxd4 Bxd4 24. Qe2 Kf8 25. Qf2 Bxe3 26. Qxe3 b5 27. a4 bxc4
28. Rxb7 cxd3 29. Rd1 Kg7 30. Rxd3 Qf6 31. Qd4 Qxd4+ 32. Rxd4 Rgd8 33. Rdd7
Rxd7 34. Rxd7 Rc8 35. f5 Kf6 36. fxe6 fxe6 37. Rd6 a5 38. Ra6 Rc5 39. Kf2 Ke5
1/2-1/2

[Event "Hastings Masters"]
[Site "Hastings"]
[Date "2007.01.04"]
[Round "8.28"]
[White "Griffiths, Ryan Rhys"]
[Black "Snape, Ian"]
[Result "0-1"]
[WhiteElo "2104"]
[BlackElo "2217"]
[PlyCount "68"]
[EventDate "2006.12.28"]
[SourceDate "2006.12.28"]

1. e4 c5 2. Nf3 d6 3. d4 cxd4 4. Nxd4 Nf6 5. Nc3 g6 6. Be3 Bg7 7. f3 O-O 8. Qd2
Nc6 9. O-O-O d5 10. exd5 Nxd5 11. Nxc6 bxc6 12. Bd4 e5 13. Bc5 Be6 14. Ne4 Rb8
15. h4 f5 16. Ng5 e4 17. c3 Qa5 18. b4 Qa3+ 19. Qb2 Qxb2+ 20. Kxb2 Bxc3+ 21.
Kb3 Bxb4 22. Bxa7 Be7+ 23. Kc2 Nb4+ 24. Kd2 Rbd8+ 25. Kc1 Nxa2+ 26. Kc2 Nb4+
27. Kc1 Rxd1+ 28. Kxd1 Bd5 29. fxe4 fxe4 30. Be2 c5 31. Kd2 Bd6 32. Kc3 h6 33.
Nh3 Ra8 34. Nf4 Be5+ 0-1

[Event "Hastings Masters"]
[Site "Hastings"]
[Date "2007.01.04"]
[Round "8.29"]
[White "Poobalasingam, Peter"]
[Black "Cafferty, Bernard"]
[Result "1/2-1/2"]
[WhiteElo "2077"]
[BlackElo "2207"]
[PlyCount "28"]
[EventDate "2006.12.28"]
[SourceDate "2006.12.28"]

1. d4 Nf6 2. c4 e6 3. Nc3 Bb4 4. e3 b6 5. Nge2 Ne4 6. Qc2 Bb7 7. Nf4 f5 8. Bd3
Qh4 9. O-O Bxc3 10. bxc3 g5 11. f3 Nd6 12. g3 Qh6 13. Ng2 Nc6 14. e4 O-O
1/2-1/2

[Event "Hastings Masters"]
[Site "Hastings"]
[Date "2007.01.04"]
[Round "8.30"]
[White "Jackson, Oliver"]
[Black "Haydon, David"]
[Result "1/2-1/2"]
[WhiteElo "2225"]
[BlackElo "2073"]
[PlyCount "85"]
[EventDate "2006.12.28"]
[SourceDate "2006.12.28"]

1. e4 c5 2. Nc3 Nc6 3. f4 e6 4. Nf3 g6 5. d4 cxd4 6. Nxd4 a6 7. Be3 Nge7 8. Be2
Bg7 9. Nxc6 Nxc6 10. e5 f6 11. Ne4 O-O 12. exf6 Bxf6 13. Nxf6+ Qxf6 14. c3 d5
15. O-O Bd7 16. Qd2 Be8 17. b4 d4 18. Bxd4 Nxd4 19. Qxd4 Qxd4+ 20. cxd4 Rd8 21.
Rad1 Ba4 22. Rd2 Rd6 23. Bg4 Rfd8 24. a3 Kf7 25. Re1 Rxd4 26. Bxe6+ Kf6 {(=)}
27. Rxd4 Rxd4 28. Bg4 Rxf4 29. Bf3 b6 30. Kf2 Rc4 31. Re3 Rc2+ 32. Kg3 Bb5 33.
Bg4 Bc4 34. Bd1 Rd2 35. Bg4 a5 36. bxa5 bxa5 37. Rc3 Bd5 38. Bf3 Bxf3 39. Kxf3
a4 40. Re3 h5 41. Re4 Rd3+ 42. Re3 Rd2 43. Re4 1/2-1/2

[Event "Hastings Masters"]
[Site "Hastings"]
[Date "2007.01.04"]
[Round "8.31"]
[White "Wilson, Alexandra"]
[Black "Mulligan, Stephen"]
[Result "0-1"]
[WhiteElo "2056"]
[BlackElo "2199"]
[PlyCount "84"]
[EventDate "2006.12.28"]
[SourceDate "2006.12.28"]

1. e4 d5 2. exd5 Nf6 3. Bb5+ Bd7 4. Be2 Nxd5 5. d4 c6 6. c4 Nf6 7. Nc3 g6 8. h3
Bg7 9. Nf3 O-O 10. O-O Na6 11. Ne5 Be6 12. b3 Nd7 13. Nf3 Nf6 14. Be3 Qa5 15.
Rc1 Rad8 16. Bd3 Nb4 17. Bb1 b5 18. Qe2 bxc4 19. bxc4 Qa6 20. Ne4 Nxe4 21. Bxe4
Qxa2 22. Qxa2 Nxa2 23. Ra1 Bxc4 24. Bxc6 Bxf1 25. Kxf1 Nb4 26. Ba4 a5 27. Bb3
Ra8 28. Ne5 Bxe5 29. dxe5 Rfb8 30. Bd1 e6 31. Bf3 Nd5 32. Bc5 Rb5 33. Bd6 a4
34. Be2 Rba5 35. Ra3 Rc8 36. g3 Rc1+ 37. Kg2 Rc2 38. Bf3 h5 39. h4 Kh7 40. Be4
Rb2 41. Rf3 Kg8 42. Kh3 Rb3 0-1

[Event "Hastings Masters"]
[Site "Hastings"]
[Date "2007.01.04"]
[Round "8.32"]
[White "Pickersgill, Adrian"]
[Black "Dickson, George"]
[Result "1/2-1/2"]
[WhiteElo "2093"]
[BlackElo "2171"]
[PlyCount "84"]
[EventDate "2006.12.28"]
[SourceDate "2006.12.28"]

1. e4 e5 2. Nf3 Nc6 3. Bb5 a6 4. Ba4 Nf6 5. d3 b5 6. Bb3 Bc5 7. O-O O-O 8. Nc3
Nd4 9. Nxd4 Bxd4 10. Nd5 c6 11. c3 Ba7 12. Nxf6+ Qxf6 13. Be3 d6 14. Qd2 Be6
15. Bxa7 Rxa7 16. f4 Qh6 17. Qf2 Raa8 18. f5 Bxb3 19. axb3 d5 20. exd5 cxd5 21.
Rae1 Qf6 22. Qe3 Rfe8 23. d4 e4 24. g4 h6 25. Re2 a5 26. Qg3 a4 27. bxa4 Rxa4
28. h4 Qa6 29. g5 b4 30. Rg2 h5 31. g6 f6 32. Qc7 Qa7 33. Qc6 Qa8 34. Qc7 Ra7
35. Qd6 bxc3 36. bxc3 Ra1 37. Re2 Rxf1+ 38. Kxf1 Qa1+ 39. Re1 Qxc3 40. Qxd5+
Kh8 41. Qb5 Qh3+ 42. Kg1 Qg3+ 1/2-1/2

[Event "Hastings Masters"]
[Site "Hastings"]
[Date "2007.01.04"]
[Round "8.33"]
[White "Sugden, John"]
[Black "Webster, Richard J"]
[Result "1/2-1/2"]
[WhiteElo "2158"]
[BlackElo "1983"]
[PlyCount "90"]
[EventDate "2006.12.28"]
[SourceDate "2006.12.28"]

1. d4 Nf6 2. c4 g6 3. Nc3 d5 4. cxd5 Nxd5 5. e4 Nxc3 6. bxc3 Bg7 7. Bc4 O-O 8.
Ne2 c5 9. O-O Nc6 10. Be3 Bg4 11. f3 cxd4 12. cxd4 Na5 13. Bxf7+ Rxf7 14. fxg4
Rxf1+ 15. Kxf1 e5 16. Rc1 exd4 17. Bxd4 Bh6 18. Rc5 Be3 19. Qd3 Qf8+ 20. Ke1
Qf2+ 21. Kd1 Rd8 22. Rd5 Rxd5 23. exd5 Qf1+ 24. Kc2 Bxd4 25. Nxd4 Qxg2+ 26. Qe2
Qxe2+ 27. Nxe2 Nc4 28. Kc3 Ne3 29. Kd4 Nxg4 30. Kc5 Kf7 31. Kd6 Nf6 32. Kc7
Nxd5+ 33. Kxb7 a5 34. a4 g5 35. Kc6 Ne7+ 36. Kb5 h5 37. Kxa5 g4 38. Kb5 h4 39.
a5 Kf6 40. a6 Nc8 41. Kc6 Ke5 42. Kb7 Nd6+ 43. Kc6 Nc8 44. Kb7 Nd6+ 45. Kc6 Nc8
1/2-1/2

[Event "Hastings Masters"]
[Site "Hastings"]
[Date "2007.01.04"]
[Round "8.34"]
[White "Thilaganathan, Jessica"]
[Black "Vrban, Damir"]
[Result "0-1"]
[WhiteElo "1871"]
[BlackElo "2130"]
[PlyCount "86"]
[EventDate "2006.12.28"]
[SourceDate "2006.12.28"]

1. d4 g6 2. c4 Bg7 3. Nf3 c5 4. d5 d6 5. g3 Nf6 6. Nc3 O-O 7. Bg2 e6 8. O-O Na6
9. Nd2 Nc7 10. Nde4 Nxe4 11. Nxe4 e5 12. Nc3 Rb8 13. a4 b6 14. Nb5 Rb7 15. f4
a6 16. Nxc7 Qxc7 17. fxe5 Bxe5 18. Bh6 Re8 19. Ra2 b5 20. axb5 axb5 21. b3 bxc4
22. bxc4 Rb4 23. Ra4 Bd7 24. Rxb4 cxb4 25. Qd3 Ba4 26. Rb1 b3 27. e4 Rc8 28.
Bf1 b2 29. Be3 Rb8 30. Bd4 Bc2 31. Qxc2 Bxd4+ 32. Kg2 Qb6 33. Bd3 Be5 34. Kf3
Ra8 35. Qf2 Qb3 36. Qc2 Qb4 37. Ke2 Ra3 38. Qd2 Qb6 39. Qe3 Bd4 40. Qd2 Ra1 41.
h3 Bg1 42. Kf3 Ra3 43. Kg2 Rxd3 0-1

[Event "Hastings Masters"]
[Site "Hastings"]
[Date "2007.01.04"]
[Round "8.35"]
[White "Donovan, Nigel"]
[Black "Goldsworthy, Patrick"]
[Result "1/2-1/2"]
[WhiteElo "2119"]
[BlackElo "1936"]
[PlyCount "39"]
[EventDate "2006.12.28"]
[SourceDate "2006.12.28"]

1. e4 d6 2. d4 Nf6 3. Nc3 g6 4. f4 Bg7 5. Nf3 c5 6. dxc5 Qa5 7. Bd3 Qxc5 8. Qe2
Bg4 9. Be3 Qa5 10. O-O Nbd7 11. h3 Bxf3 12. Qxf3 O-O 13. a3 a6 {(=)} 14. g4
Rac8 15. Bd2 b5 16. Kh1 Qd8 17. Rae1 Nb6 18. Re2 Nc4 19. Bc1 Nd7 20. Nd1
1/2-1/2

[Event "Hastings Masters"]
[Site "Hastings"]
[Date "2007.01.04"]
[Round "8.36"]
[White "Macrae, James"]
[Black "Hutchinson, Norman"]
[Result "0-1"]
[WhiteElo "1759"]
[BlackElo "2097"]
[PlyCount "104"]
[EventDate "2006.12.28"]
[SourceDate "2006.12.28"]

1. d4 Nf6 2. Nf3 e6 3. e3 b6 4. Bd3 Bb7 5. Nbd2 c5 6. c3 Be7 7. O-O O-O 8. Qe2
d5 9. e4 dxe4 10. Nxe4 cxd4 11. Nxd4 Qd5 12. f3 Nc6 13. Nxc6 Qxc6 14. Bg5 Nd5
15. Bxe7 Nxe7 16. Bb5 Qc7 17. Rfd1 Bxe4 18. fxe4 Rfd8 19. Kh1 Rxd1+ 20. Rxd1
Rd8 21. Rxd8+ Qxd8 22. Qd3 Qxd3 23. Bxd3 Nc6 24. Kg1 Ne5 25. Be2 Kf8 26. Kf2
Ke7 27. Ke3 Kd6 28. Kd4 f6 29. b4 g6 30. a4 f5 31. g3 Nd7 32. Bf3 e5+ 33. Ke3
Nf6 34. h3 Ke6 35. Kd3 Ne8 36. c4 Kd6 37. Kc3 Nf6 38. Kd3 a5 39. bxa5 bxa5 40.
exf5 gxf5 41. Bg2 Nd7 42. Kc3 Nc5 43. g4 Nxa4+ 44. Kc2 fxg4 45. hxg4 h6 46. Be4
Nc5 47. Bf3 Ke6 48. Kb2 Kf6 49. Ka3 e4 50. Be2 Ke5 51. Kb2 Kd4 52. Kc2 Nd3 0-1

[Event "Hastings Masters"]
[Site "Hastings"]
[Date "2007.01.04"]
[Round "8.37"]
[White "Chevannes, Sabrina"]
[Black "Calvert, D Ian"]
[Result "1-0"]
[WhiteElo "2093"]
[BlackElo "2064"]
[PlyCount "75"]
[EventDate "2006.12.28"]
[SourceDate "2006.12.28"]

1. d4 d5 2. Nf3 Nf6 3. Bf4 g6 4. Nc3 Bg7 5. e3 O-O 6. Be2 c6 7. Qd2 Nbd7 8. Ne5
Nxe5 9. Bxe5 b5 10. a3 Bb7 11. h4 Ne4 12. Nxe4 dxe4 13. Bxg7 Kxg7 14. h5 a5 15.
f3 c5 16. O-O-O c4 17. d5 exf3 18. gxf3 e5 19. f4 Qd6 20. Bf3 exf4 21. Qd4+ f6
22. exf4 b4 23. a4 Rac8 24. Bg4 Rce8 25. Rhg1 Bc8 26. hxg6 hxg6 27. Bxc8 Rxc8
28. f5 g5 29. Rxg5+ Kf7 30. Rh5 Rg8 31. Rh7+ Rg7 32. Rxg7+ Kxg7 33. Qg4+ Kf7
34. Re1 c3 35. b3 Rd8 36. Re6 Rg8 37. Qh5+ Kf8 38. Re8+ 1-0

[Event "Hastings Masters"]
[Site "Hastings"]
[Date "2007.01.04"]
[Round "8.39"]
[White "Henrichsen, Jens"]
[Black "Almond, Richard"]
[Result "1/2-1/2"]
[WhiteElo "2089"]
[BlackElo "2124"]
[PlyCount "88"]
[EventDate "2006.12.28"]
[SourceDate "2006.12.28"]

1. d4 d5 2. c4 e6 3. Nf3 Nf6 4. Nc3 Be7 5. Bg5 O-O 6. e3 Nbd7 7. Rc1 b6 8. cxd5
exd5 9. Bd3 Bb7 10. O-O c5 11. Qe2 Ne4 12. Bf4 f5 13. h3 c4 14. Bxe4 fxe4 15.
Ne5 Nxe5 16. Bxe5 Bd6 17. Rcd1 Qe7 18. Qh5 Rad8 19. f4 exf3 20. Bxd6 Qxd6 21.
Rxf3 Rxf3 22. Qxf3 Qe6 23. Re1 a6 24. a4 Bc6 25. Kh1 h6 26. Rf1 b5 27. axb5
axb5 28. Qh5 b4 29. Ne2 Rf8 30. Rxf8+ Kxf8 31. Nf4 Qe4 32. Qg4 Kf7 33. Qc8 Qe8
34. Qf5+ Kg8 35. Nxd5 Bxd5 36. Qxd5+ Qf7 37. Qc5 Qf1+ 38. Kh2 b3 39. d5 Qd3 40.
d6 c3 41. Qc8+ Kh7 42. Qxc3 Qxd6+ 43. g3 Qd1 44. Qe5 Qe2+ 1/2-1/2

[Event "Hastings Masters"]
[Site "Hastings"]
[Date "2007.01.04"]
[Round "8.40"]
[White "Norinkeviciute, Rasa"]
[Black "Snowden, James"]
[Result "1/2-1/2"]
[WhiteElo "2094"]
[BlackElo "1903"]
[PlyCount "118"]
[EventDate "2006.12.28"]
[SourceDate "2006.12.28"]

1. e4 d5 2. exd5 Qxd5 3. Nc3 Qd6 4. Nf3 a6 5. d4 Nf6 6. Be3 Bg4 7. h3 Bh5 8. g4
Bg6 9. Ne5 e6 10. Bg2 Nd5 11. Nxd5 exd5 12. Qd2 Nc6 13. Nxg6 fxg6 14. O-O-O
O-O-O 15. Kb1 Qb4 16. c3 Qb5 17. Bf1 Qb6 18. Qc2 Bd6 19. c4 Nb4 20. Qb3 dxc4
21. Bxc4 a5 22. Rc1 Kb8 23. Be2 Na6 24. Qxb6 cxb6 25. Bxa6 bxa6 26. Rc6 Kb7 27.
Rhc1 Rd7 28. d5 Bc7 29. Re6 Rhd8 30. Bg5 Rf8 31. Be3 Rff7 32. Rd1 Rf3 33. h4
Rf6 34. Kc2 Rxe6 35. dxe6 Rxd1 36. Kxd1 Kc6 37. Kc2 Bd8 38. f4 Kd6 39. Bd4 Kxe6
40. Bxg7 Bxh4 41. Bd4 b5 42. b3 Bd8 43. Kd3 {(=)} h5 44. f5+ gxf5 45. gxh5 Bg5
46. Bg7 b4 47. Kd4 Bf6+ 48. Bxf6 Kxf6 49. h6 a4 50. bxa4 Kg6 {(=)} 51. Ke5 Kxh6
52. Kxf5 Kg7 53. Ke6 Kf8 54. Kd7 a5 55. Kd8 Kf7 56. Kc7 Ke7 57. Kb6 Kd7 58.
Kxa5 Kc8 59. Kxb4 Kb7 1/2-1/2

[Event "Hastings Masters"]
[Site "Hastings"]
[Date "2007.01.04"]
[Round "8.41"]
[White "Jain, Akash"]
[Black "Auckland, Elliott"]
[Result "1-0"]
[WhiteElo "2036"]
[BlackElo "1850"]
[PlyCount "99"]
[EventDate "2006.12.28"]
[SourceDate "2006.12.28"]

1. e4 Nf6 2. e5 Nd5 3. d4 d6 4. Nf3 Bg4 5. Be2 e6 6. O-O Be7 7. Re1 Nb6 8. h3
Bh5 9. c4 O-O 10. Nc3 d5 11. c5 Bxf3 12. gxf3 Nc4 13. b3 Na5 14. Be3 c6 15. b4
Nc4 16. Bxc4 dxc4 17. a4 a5 18. b5 b6 19. f4 bxc5 20. dxc5 Nd7 21. Ne4 cxb5 22.
axb5 Qc7 23. Qd4 Rfd8 24. Nd6 Nf8 25. Red1 Rab8 26. Qe4 f5 27. Qf3 Bxd6 28.
exd6 Qf7 29. Rxa5 c3 30. Bd4 c2 31. Rc1 Qe8 32. Qd3 Ng6 33. Be5 Nh4 34. Qg3 Ng6
35. c6 Ra8 36. Rxa8 Rxa8 37. Rxc2 Qd8 38. Qe3 Nxe5 39. fxe5 f4 40. Qxf4 Qe8 41.
Qg4 h5 42. Qg5 Ra1+ 43. Kg2 Rd1 44. Rd2 Rxd2 45. Qxd2 Qg6+ 46. Kh2 Qf5 47. Qe3
g5 48. d7 g4 49. d8=Q+ Kh7 50. Qed3 1-0

[Event "Hastings Masters"]
[Site "Hastings"]
[Date "2007.01.04"]
[Round "8.42"]
[White "Fryer, David"]
[Black "Kenyon, Scott"]
[Result "1-0"]
[WhiteElo "2101"]
[BlackElo "1759"]
[PlyCount "75"]
[EventDate "2006.12.28"]
[SourceDate "2006.12.28"]

1. e4 e5 2. Bc4 Nf6 3. d3 Nc6 4. Nc3 Na5 5. Qf3 c6 6. Nge2 b5 7. Bb3 b4 8. Nd1
Nxb3 9. axb3 d5 10. h3 h5 11. Qe3 d4 12. Qg5 Qc7 13. f4 c5 14. fxe5 Nh7 15.
Qxh5 g6 16. Qf3 Qxe5 17. Bf4 Qe7 18. O-O g5 19. Bg3 g4 20. hxg4 Ng5 21. Qf6
Qxf6 22. Rxf6 Bxg4 23. Nf4 Ne6 {(=)} 24. Nd5 Be7 25. Rf1 a5 26. Nf2 Be2 27.
Rfe1 Bh5 28. Nh3 Bd8 29. Rf1 O-O 30. Bd6 Re8 31. Nhf4 Bg4 32. Nxe6 fxe6 33.
Nf6+ Bxf6 34. Rxf6 Kg7 35. Be5 Kh7 36. Kf2 Rf8 37. Rh1+ Kg8 38. Rh8+ 1-0

[Event "Hastings Masters"]
[Site "Hastings"]
[Date "2007.01.04"]
[Round "8.43"]
[White "Rety, John"]
[Black "Hickman, John"]
[Result "1/2-1/2"]
[WhiteElo "1965"]
[BlackElo "2058"]
[PlyCount "38"]
[EventDate "2006.12.28"]
[SourceDate "2006.12.28"]

1. d4 d6 2. Nf3 g6 3. e4 Nf6 4. Bd3 Nc6 5. c3 Bg7 6. h3 O-O 7. O-O e5 8. Be3
Re8 9. d5 Ne7 10. c4 Nd7 11. Nbd2 h6 12. g4 Nc5 13. Ne1 f5 14. f3 a5 15. Qe2
Rf8 16. Nb3 Nxb3 17. axb3 Bd7 18. Ng2 Kh7 19. Bd2 b6 1/2-1/2

[Event "Hastings Masters"]
[Site "Hastings"]
[Date "2007.01.04"]
[Round "8.44"]
[White "Spanton, Tim"]
[Black "Cumming, Rhys"]
[Result "1-0"]
[WhiteElo "2051"]
[BlackElo "1552"]
[PlyCount "45"]
[EventDate "2006.12.28"]
[SourceDate "2006.12.28"]

1. e4 e5 2. Nf3 Nc6 3. Bb5 a6 4. Bxc6 dxc6 5. Nc3 Bd6 6. d4 exd4 7. Qxd4 f6 8.
Be3 Ne7 9. O-O-O Ng6 10. Na4 O-O 11. Kb1 Qe7 12. Rhe1 Ne5 13. Nxe5 Bxe5 14. Qd3
b6 15. f4 Bd6 16. Nxb6 Rb8 17. Nxc8 Rfxc8 18. g3 Bb4 19. Bd2 Bxd2 20. Rxd2 Rb4
21. Qd7 Rcb8 22. Qxe7 Rxb2+ 23. Ka1 1-0

[Event "Hastings Masters"]
[Site "Hastings"]
[Date "2007.01.04"]
[Round "8.45"]
[White "O'Toole, George"]
[Black "Dennis, Nigel"]
[Result "1/2-1/2"]
[WhiteElo "1935"]
[BlackElo "2020"]
[PlyCount "113"]
[EventDate "2006.12.28"]
[SourceDate "2006.12.28"]

1. e4 c5 2. c3 e6 3. d4 d5 4. e5 Nc6 5. Nf3 Be7 6. Be2 f6 7. O-O fxe5 8. Nxe5
Nf6 9. Bh5+ g6 10. Bf3 O-O 11. Bh6 Re8 12. Qd3 Nxe5 13. dxe5 Nd7 14. Re1 Bg5
15. Bxg5 Qxg5 16. Qe3 Qxe3 17. Rxe3 Nb6 18. Nd2 Bd7 19. b3 Rac8 20. h4 Rf8 21.
h5 gxh5 22. Bxh5 Be8 23. Rg3+ Kh8 24. Bg4 Rc6 25. Nf3 Bg6 26. Ng5 Bf5 27. Bh5
Rc7 28. Rf3 Kg8 29. Kf1 Rg7 30. Nh3 Bg4 31. Bxg4 Rxg4 32. Rxf8+ Kxf8 33. f3 Rg8
34. Kf2 Nd7 35. f4 Ke7 36. Kf3 b5 37. Rh1 a5 38. Ng5 Nxe5+ 39. fxe5 Rxg5 40.
Rxh7+ Kf8 41. Ra7 Rxe5 42. Rxa5 d4 43. cxd4 cxd4 44. Ra6 Ke7 45. Rc6 Rd5 46.
Rc2 e5 47. Ke4 Kd6 48. a3 d3 49. Rd2 Rd4+ 50. Ke3 Kc5 51. Rxd3 Rg4 52. Rc3+ Kd5
53. Rd3+ Kc5 54. Rc3+ Kd5 55. Kf3 Rf4+ 56. Ke2 Rg4 57. Kf3 1/2-1/2

[Event "Hastings Masters"]
[Site "Hastings"]
[Date "2007.01.04"]
[Round "8.46"]
[White "Weidman, Mark"]
[Black "Messam-Sparks, Lateefah"]
[Result "1/2-1/2"]
[WhiteElo "1232"]
[BlackElo "1560"]
[PlyCount "85"]
[EventDate "2006.12.28"]
[SourceDate "2006.12.28"]

1. d4 d5 2. c4 c6 3. Nc3 Nf6 4. Bg5 Bf5 5. e3 Nbd7 6. Bd3 Bxd3 7. Qxd3 h6 8.
Bh4 e6 9. f4 Be7 10. Nf3 dxc4 11. Qxc4 Nd5 12. Bf2 N7f6 13. h3 Bb4 14. O-O Bxc3
15. bxc3 Ne4 16. Rac1 Nxf2 17. Kxf2 O-O 18. g3 Nf6 19. Qd3 Qa5 20. Rc2 Rfd8 21.
Rb1 b6 22. Ne5 Qd5 23. Nf3 c5 24. Qb5 Qe4 25. Qe2 Rac8 26. a4 {(=)} cxd4 27.
exd4 Qxe2+ 28. Kxe2 Ne4 29. Kd3 Nc5+ 30. Kc4 Nxa4+ 31. Kb4 b5 32. Ra1 a5+ 33.
Kb3 Ra8 34. c4 Nb6 35. cxb5 a4+ 36. Ka3 {(=)} Kf8 37. Kb2 Ke8 38. Rc6 Nd5 39.
Ra6 Rab8 40. Ra5 Nb6 41. Rc1 Ra8 42. Rxa8 Rxa8 43. Ka3 1/2-1/2

[Event "Hastings Masters"]
[Site "Hastings"]
[Date "2007.01.04"]
[Round "8.47"]
[White "Van de Laar, Michael"]
[Black "Barron, David"]
[Result "0-1"]
[WhiteElo "1088"]
[BlackElo "1966"]
[PlyCount "32"]
[EventDate "2006.12.28"]
[SourceDate "2006.12.28"]

1. Nf3 g5 2. Nxg5 e5 3. d4 Be7 4. Ne4 d5 5. Ng3 exd4 6. Qxd4 Bf6 7. Qd3 h5 8.
Bf4 Bxb2 9. e3 Bxa1 10. Be2 Bg7 11. O-O Ne7 12. Nd2 h4 13. e4 hxg3 14. fxg3
Nbc6 15. c3 d4 16. cxd4 Qxd4+ 0-1